LIBRARY & INFORMATION CENTRE, KCAET, TAVANUR

ONLINE PUBLIC ACCESS CATALOGUE (OPAC)

Normal view MARC view
  • Nanotechnology

Entry Topical Term

Number of records used in: 2

001 - CONTROL NUMBER

  • control field: 232

003 - CONTROL NUMBER IDENTIFIER

  • control field: OSt

005 - DATE AND TIME OF LATEST TRANSACTION

  • control field: 20150124115303.0

008 - FIXED-LENGTH DATA ELEMENTS

  • fixed length control field: 150124|| aca||aabn | a|a d

040 ## - CATALOGING SOURCE

  • Original cataloging agency: OSt
  • Transcribing agency: OSt

150 ## - HEADING--TOPICAL TERM

  • Topical term or geographic name as entry element: Nanotechnology

670 ## - SOURCE DATA FOUND

  • Source citation: Work cat.: (OSt): Suhas Bhattacharya 231, A Text Book of nanoscience and nanotechnology , 2013
free website counter